|
|
|
|
| LEADER |
00000naa2a2200000 4500 |
| 001 |
620467 |
| 005 |
20251226071628.0 |
| 035 |
|
|
|a (RuTPU)RU\TPU\conf\18953
|
| 035 |
|
|
|a RU\TPU\conf\18952
|
| 090 |
|
|
|a 620467
|
| 100 |
|
|
|a 20160927d2016 k y0rusy50 ca
|
| 101 |
0 |
|
|a rus
|
| 102 |
|
|
|a RU
|
| 105 |
|
|
|a y z 101zy
|
| 135 |
|
|
|a drgn ---uucaa
|
| 181 |
|
0 |
|a i
|
| 182 |
|
0 |
|a b
|
| 200 |
1 |
|
|a Исследовательский реактор ИРТ-Т и его использование в фундаментальныхи прикладных исследованиях
|d The research reactor RRT-T and its use in basic and applied research
|f В. А. Варлачёв
|
| 203 |
|
|
|a Текст
|c электронный
|
| 300 |
|
|
|a Заглавие с экрана
|
| 320 |
|
|
|a [Библиогр.: с. 147 (20 назв.)]
|
| 463 |
|
0 |
|0 (RuTPU)RU\TPU\conf\18922
|t Радиоактивность и радиоактивные элементы в среде обитания человека
|o материалы V Международной конференции, 13-16 сентября 2016 г., г. Томск
|f Национальный исследовательский Томский политехнический университет (ТПУ) [и др.] ; под ред. Л. П. Рихванова [и др.]
|v [С. 143-147]
|d 2016
|
| 510 |
1 |
|
|a The research reactor RRT-T and its use in basic and applied research
|z eng
|
| 610 |
1 |
|
|a труды учёных ТПУ
|
| 610 |
1 |
|
|a электронный ресурс
|
| 610 |
1 |
|
|a ИРТ-Т
|
| 610 |
1 |
|
|a ядерный реактор
|
| 610 |
1 |
|
|a радиофармпрепараты
|
| 610 |
1 |
|
|a полимерные вещества
|
| 610 |
1 |
|
|a кристаллические структуры
|
| 700 |
|
1 |
|a Варлачев (Варлачёв)
|b В. А.
|c физик, специалист в области ядерных технологий
|c профессор-консультант Томского политехнического университета, доктор технических наук
|f 1948-
|g Валерий Александрович
|y Томск
|3 (RuTPU)RU\TPU\pers\28135
|9 13093
|
| 712 |
0 |
2 |
|a Национальный исследовательский Томский политехнический университет (ТПУ)
|b Физико-технический институт (ФТИ)
|b Лаборатория № 33 ядерного реактора
|3 (RuTPU)RU\TPU\col\19896
|
| 801 |
|
2 |
|a RU
|b 63413507
|c 20180324
|g RCR
|
| 856 |
4 |
|
|u http://earchive.tpu.ru/handle/11683/32550
|
| 942 |
|
|
|c BK
|